000 00892cab a2200277 4500
001 ABS58950
008 090401t1998 xxu||||| |||| 00| 0 eng d
035 _a(Sirsi) u87002
041 _aeng
100 _aPitt, M.
245 _aValuing with integrity and accuracy
260 _c1998
350 _a0
490 _aThe Valuer
_v67(3) May/June 1998, 23(1)
520 _aDiscusses the question of valuation accuracy and comments on some research over the last 15 years. Considers the role of valuation accuracy in professionalism.
650 _aACCURACY
650 _aINVESTMENT PROPERTY DATABANK
650 _aRICS APPRAISAL AND VALUATION MANUAL
650 _aRESEARCH
650 _aRULES OF PROFESSIONAL CONDUCT
650 _aValuation
_96273
650 _aVARIATION
690 _aMANAGEMENT-BUSINESS MANAGEMENT-PROFESSIONAL PRACTICE
942 _n0
948 _c24/06/1998
999 _c54804
_d54804